000 01388nam a2200373Ia 4500
001 dia_2521
003 CHAP
005 20241209091124.0
007 ta
008 220117s2003 mx bd fr 001 0 spa d
040 _cCHAP
_amxchpua
090 _aT.C.362
_bC68 SAI
_c2003
245 1 0 _aSistema agroindustrial de hortalizas congeladas de exportación en la región del Bajio /
_ccoordinador Ignacio Covarrubias Gutiérrez ; colaboradores María Acero Oseguera...[et al.]
260 _aMéxico :
_bEl autor,
_c2003
300 _aiv, 73 hojas :
_bmapas, gráficas, diagramas, tablas
336 _2rdacontent
_atexto
_btxt
337 _2rdamedia
_asin medio
_bn
338 _2rdacarrier
_avolumen
_bnc
500 _a6° año Grupo 1 Directorio: hojas 77-78
502 _aViaje de Estudios
_b(SAI) --
_cUACh. Departamento de Ingeniería Agroindustrial,
_d2003
504 _aBibliografía: hoja 58
650 1 3 _aAlimentos congelados
_94302
650 1 3 _aHortalizas congeladas
_9153062
650 1 3 _aFrozen foods
_9147452
650 1 3 _aFrozen vegetables
_9153061
700 1 _aCovarrubias Gutiérrez, Ignacio
_928697
_ecoordinador
700 1 _aAcero Oseguera, María
_ecolaboradora
_9155467
901 _aT.C.362 C68 SAI 2003
902 _aM
905 _a5232272003 mx nmb 8223123322spa16
942 _2local
942 _cVE
999 _c173043
_d173043